000 00338pam a2200157a 44500
008 230515b1999 xxu||||| |||| 00| 0 eng d
020 _aNULL
041 _aENGL
082 _aSHO
100 _aSHOW M.C.
245 _aMETAL CUTTING PRINCIPLES
250 _aN.D.
260 _aNULL
_bC.B.S
_c1999
300 _a594 PB
650 _aNULL
999 _c659206
_d659206